[Event "NB1 Charousek csoport"]
[Site "Balatonfured"]
[Date "2024.11.17"]
[Round "2.1"]
[White "Horvath, Csaba"]
[Black "Fancsy, Imre"]
[Result "1/2-1/2"]
[WhiteElo "2494"]
[BlackElo "2355"]
[PlyCount "22"]
[EventDate "2024.11.03"]
[EventType "team-tourn"]
[EventRounds "11"]
[EventCountry "HUN"]
[Source "chess.hu"]
[SourceDate "2024.11.17"]
[WhiteTeam "Tuxera ANSK II."]
[BlackTeam "Balatonfuredi SC"]
[WhiteTeamCountry "HUN"]
[BlackTeamCountry "HUN"]

1. e4 c5 2. Nf3 e6 3. b3 b6 4. Bb2 Bb7 5. Nc3 a6 6. d4 cxd4 7. Nxd4 Qc7 8. Bd3
Nf6 9. O-O Bb4 10. Qe1 Nc6 11. Nf3 Ng4 1/2-1/2

[Event "NB1 Charousek csoport"]
[Site "Balatonfured"]
[Date "2024.11.17"]
[Round "2.2"]
[White "Forgacs, Attila Jr"]
[Black "Galyas, Miklos"]
[Result "0-1"]
[WhiteElo "2275"]
[BlackElo "2374"]
[PlyCount "58"]
[EventDate "2024.11.03"]
[EventType "team-tourn"]
[EventRounds "11"]
[EventCountry "HUN"]
[Source "chess.hu"]
[SourceDate "2024.11.17"]
[WhiteTeam "Balatonfuredi SC"]
[BlackTeam "Tuxera ANSK II."]
[WhiteTeamCountry "HUN"]
[BlackTeamCountry "HUN"]

1. e4 c6 2. d4 d5 3. Nd2 dxe4 4. Nxe4 Nf6 5. Nxf6+ exf6 6. c3 Bd6 7. Bd3 O-O 8.
Qc2 Re8+ 9. Ne2 h5 10. Be3 Nd7 11. O-O-O Nf8 12. Ng3 Be6 13. Kb1 b5 14. Nxh5
Qa5 15. b3 b4 16. d5 cxd5 17. g4 Rac8 18. Bd4 Be5 19. Bxe5 fxe5 20. Qd2 bxc3
21. Qg5 Ng6 22. f3 c2+ 23. Bxc2 Rxc2 24. Kxc2 Qxa2+ 25. Kd3 e4+ 26. fxe4 dxe4+
27. Ke3 Qxb3+ 28. Kd2 e3+ 29. Qxe3 Rd8+ 0-1

[Event "NB1 Charousek csoport"]
[Site "Balatonfured"]
[Date "2024.11.17"]
[Round "2.3"]
[White "Bodo, Norbert"]
[Black "Pataki, Gyozo"]
[Result "1/2-1/2"]
[WhiteElo "2395"]
[BlackElo "2298"]
[PlyCount "153"]
[EventDate "2024.11.03"]
[EventType "team-tourn"]
[EventRounds "11"]
[EventCountry "HUN"]
[Source "chess.hu"]
[SourceDate "2024.11.17"]
[WhiteTeam "Tuxera ANSK II."]
[BlackTeam "Balatonfuredi SC"]
[WhiteTeamCountry "HUN"]
[BlackTeamCountry "HUN"]

1. d4 d5 2. c4 c6 3. cxd5 cxd5 4. Nc3 Nc6 5. e4 e6 6. e5 f6 7. exf6 Nxf6 8. Nf3
Bd6 9. Bd3 O-O 10. O-O e5 11. dxe5 Nxe5 12. Be2 Nxf3+ 13. Bxf3 d4 14. Nb5 Be5
15. Re1 Re8 16. Bg5 Bf5 17. Na3 d3 18. Qb3+ Be6 19. Qb5 Bd4 20. Be3 a6 21. Qxb7
Rb8 22. Qxa6 Bxb2 23. Rad1 Bf5 24. Nc4 Bc3 25. Nd6 Bxe1 26. Nxe8 Qxe8 27. Rxe1
Qb5 28. Qd6 Qb4 29. Qxb4 Rxb4 30. h3 Ra4 31. g4 Be4 32. Bd1 Ra6 33. Bb3+ Bd5
34. Rd1 Bxb3 35. axb3 Rd6 36. f3 Nd7 37. Kf2 Kf7 38. Bf4 Rd5 39. Rd2 Nc5 40. b4
Nb3 41. Rd1 Rd4 42. Be3 Rxb4 43. Rxd3 Rb7 44. Rd5 Ke6 45. Rh5 g6 46. Rg5 Rb4
47. h4 Nd4 48. Bxd4 Rxd4 49. Ra5 Rd7 50. h5 Kf6 51. g5+ Kf7 52. Ra6 Re7 53. Kg3
Kg7 54. f4 Kf7 55. Kg4 Kg7 56. Ra8 Kf7 57. Rc8 Re1 58. Rc7+ Kg8 59. Rc6 Kf7 60.
Kf3 Re7 61. Rc8 Re1 62. h6 Re8 63. Rc7+ Kg8 64. Rg7+ Kh8 65. Rd7 Kg8 66. Rd5
Rf8 67. Rd4 Re8 68. Rc4 Kh8 69. Rc5 Kg8 70. Re5 Rf8 71. Ke4 Rf7 72. Re8+ Rf8
73. Rxf8+ Kxf8 74. Kd5 Kf7 75. Ke5 Kg8 76. Ke6 Kh8 77. Kf7 1/2-1/2

[Event "NB1 Charousek csoport"]
[Site "Balatonfured"]
[Date "2024.11.17"]
[Round "2.5"]
[White "Demeter, Dorina"]
[Black "Glatt, Gabor"]
[Result "1-0"]
[WhiteElo "2191"]
[BlackElo "2177"]
[PlyCount "55"]
[EventDate "2024.11.03"]
[EventType "team-tourn"]
[EventRounds "11"]
[EventCountry "HUN"]
[Source "chess.hu"]
[SourceDate "2024.11.17"]
[WhiteTeam "Tuxera ANSK II."]
[BlackTeam "Balatonfuredi SC"]
[WhiteTeamCountry "HUN"]
[BlackTeamCountry "HUN"]

1. Nf3 Nf6 2. g3 g6 3. Bg2 Bg7 4. O-O O-O 5. d4 d6 6. Nc3 Nbd7 7. a4 a5 8. b3
c6 9. Ba3 Qc7 10. Re1 Rd8 11. Nd2 Nb6 12. Qc1 Nfd5 13. Nxd5 cxd5 14. c3 Bf5 15.
Qb2 Rac8 16. Rac1 Qd7 17. e4 dxe4 18. Nxe4 Bxe4 19. Bxe4 e5 20. dxe5 dxe5 21.
Qe2 f5 22. Red1 Qc7 23. Bd3 e4 24. Bb5 Rxd1+ 25. Rxd1 Rd8 26. c4 Rd4 27. c5 Nc8
28. Rxd4 1-0

[Event "NB1 Charousek csoport"]
[Site "Balatonfured"]
[Date "2024.11.17"]
[Round "2.6"]
[White "Salavecz, Gergely"]
[Black "Bodo, Bence"]
[Result "1/2-1/2"]
[WhiteElo "2042"]
[BlackElo "2262"]
[PlyCount "58"]
[EventDate "2024.11.03"]
[EventType "team-tourn"]
[EventRounds "11"]
[EventCountry "HUN"]
[Source "chess.hu"]
[SourceDate "2024.11.17"]
[WhiteTeam "Balatonfuredi SC"]
[BlackTeam "Tuxera ANSK II."]
[WhiteTeamCountry "HUN"]
[BlackTeamCountry "HUN"]

1. e4 e5 2. Nf3 Nf6 3. Nxe5 d6 4. Nf3 Nxe4 5. Nc3 Nxc3 6. dxc3 Be7 7. Be3 Be6
8. Qd2 Nc6 9. O-O-O Qd7 10. Kb1 a6 11. Nd4 Bf6 12. h4 Nxd4 13. Bxd4 Bxd4 14.
Qxd4 O-O 15. h5 h6 16. f3 Rad8 17. Qf4 Rfe8 18. g4 f6 19. Bd3 Bf7 20. Bf5 Qb5
21. Rhe1 Rxe1 22. Rxe1 Re8 23. Rxe8+ Qxe8 24. b3 Bd5 25. c4 Bc6 26. Be4 Bxe4
27. fxe4 Qe6 28. Qf5 Kf7 29. Kc1 Ke7 1/2-1/2

[Event "NB1 Charousek csoport"]
[Site "Balatonfured"]
[Date "2024.11.17"]
[Round "2.7"]
[White "Orso, Miklos"]
[Black "Forgacs, Attila"]
[Result "1/2-1/2"]
[WhiteElo "2150"]
[BlackElo "2112"]
[PlyCount "20"]
[EventDate "2024.11.03"]
[EventType "team-tourn"]
[EventRounds "11"]
[EventCountry "HUN"]
[Source "chess.hu"]
[SourceDate "2024.11.17"]
[WhiteTeam "Tuxera ANSK II."]
[BlackTeam "Balatonfuredi SC"]
[WhiteTeamCountry "HUN"]
[BlackTeamCountry "HUN"]

1. Nf3 Nf6 2. d4 c5 3. d5 e6 4. Nc3 d6 5. dxe6 Bxe6 6. e4 Nc6 7. Bg5 Be7 8. Be2
O-O 9. O-O Qb6 10. Qd2 Rad8 1/2-1/2

[Event "NB1 Charousek csoport"]
[Site "Balatonfured"]
[Date "2024.11.17"]
[Round "2.8"]
[White "Vargyas, Zoltan"]
[Black "Varga, Richard"]
[Result "1-0"]
[WhiteElo "1967"]
[BlackElo "2052"]
[PlyCount "87"]
[EventDate "2024.11.03"]
[EventType "team-tourn"]
[EventRounds "11"]
[EventCountry "HUN"]
[Source "chess.hu"]
[SourceDate "2024.11.17"]
[WhiteTeam "Balatonfuredi SC"]
[BlackTeam "Tuxera ANSK II."]
[WhiteTeamCountry "HUN"]
[BlackTeamCountry "HUN"]

1. d4 Nf6 2. c4 g6 3. Nc3 Bg7 4. e4 d6 5. h3 O-O 6. Bg5 c5 7. d5 e6 8. Nf3 exd5
9. cxd5 Re8 10. Bd3 Nbd7 11. O-O a6 12. a4 h6 13. Bf4 Qe7 14. Re1 Nh5 15. Bh2
Ne5 16. Be2 Nf6 17. Bxe5 dxe5 18. Nd2 Rd8 19. Nc4 Ne8 20. Ra3 Nd6 21. a5 Rb8
22. Nxd6 Qxd6 23. Na4 b5 24. axb6 Bd7 25. Qc2 Bxa4 26. Rxa4 Rxb6 27. Rea1 Ra8
28. R1a2 Bf8 29. Qd3 Qb8 30. Qc2 Qb7 31. Bc4 Qe7 32. b3 Qf6 33. Qe2 Qf4 34. g3
Qc1+ 35. Kg2 Qg5 36. Qf3 Qe7 37. h4 h5 38. Bxa6 Qd6 39. Bc4 Rab8 40. Ra7 R6b7
41. R2a6 Rxa7 42. Rxa7 f6 43. g4 hxg4 44. Qxg4 1-0

[Event "NB1 Charousek csoport"]
[Site "Balatonfured"]
[Date "2024.11.17"]
[Round "2.9"]
[White "Sipos, Janos"]
[Black "Bartha, Sandor"]
[Result "1-0"]
[WhiteElo "2161"]
[BlackElo "2006"]
[PlyCount "83"]
[EventDate "2024.11.03"]
[EventType "team-tourn"]
[EventRounds "11"]
[EventCountry "HUN"]
[Source "chess.hu"]
[SourceDate "2024.11.17"]
[WhiteTeam "Tuxera ANSK II."]
[BlackTeam "Balatonfuredi SC"]
[WhiteTeamCountry "HUN"]
[BlackTeamCountry "HUN"]

1. c4 c6 2. Nf3 g6 3. d4 d5 4. Nc3 Nf6 5. cxd5 cxd5 6. Bf4 a6 7. e3 Bg7 8. Bd3
O-O 9. h3 b5 10. O-O Nc6 11. Rc1 Na5 12. b3 Nb7 13. Qe2 Nd6 14. Rc2 Bb7 15.
Rfc1 Nfe4 16. Bxe4 dxe4 17. Nd2 f5 18. b4 h6 19. Nb3 Nc4 20. a4 e5 21. dxe5
Nxe5 22. Bxe5 Bxe5 23. axb5 Qd3 24. Nc5 Qxe2 25. Nxe2 Bc8 26. Ra2 Rf6 27. bxa6
Rb6 28. Ra4 Bd6 29. a7 Bxc5 30. bxc5 Rb7 31. Rca1 Rc7 32. Ra5 Kf7 33. Nd4 Ke7
34. Kf1 Bd7 35. Ke1 Bc6 36. Kd2 Kd7 37. Ra6 Rcc8 38. R1a5 Rc7 39. Kc3 Rcc8 40.
Kc4 Rc7 41. Nxc6 Rxc6 42. Kd5 1-0

[Event "NB1 Charousek csoport"]
[Site "Balatonfured"]
[Date "2024.11.17"]
[Round "2.10"]
[White "Antal, Jozsef"]
[Black "Biskopics, Marton"]
[Result "1/2-1/2"]
[WhiteElo "1859"]
[BlackElo "1965"]
[PlyCount "20"]
[EventDate "2024.11.03"]
[EventType "team-tourn"]
[EventRounds "11"]
[EventCountry "HUN"]
[Source "chess.hu"]
[SourceDate "2024.11.17"]
[WhiteTeam "Balatonfuredi SC"]
[BlackTeam "Tuxera ANSK II."]
[WhiteTeamCountry "HUN"]
[BlackTeamCountry "HUN"]

1. e4 c5 2. Nc3 g6 3. g3 Bg7 4. Bg2 Nc6 5. d3 e6 6. f4 Nge7 7. Nf3 d6 8. Be3
Nd4 9. O-O O-O 10. Rb1 Rb8 1/2-1/2

[Event "NB1 Charousek csoport"]
[Site "Balatonfured"]
[Date "2024.11.17"]
[Round "2.11"]
[White "Beznicza, Mira"]
[Black "Fur, Katinka"]
[Result "1-0"]
[WhiteElo "1910"]
[BlackElo "2009"]
[PlyCount "73"]
[EventDate "2024.11.03"]
[EventType "team-tourn"]
[EventRounds "11"]
[EventCountry "HUN"]
[Source "chess.hu"]
[SourceDate "2024.11.17"]
[WhiteTeam "Tuxera ANSK II."]
[BlackTeam "Balatonfuredi SC"]
[WhiteTeamCountry "HUN"]
[BlackTeamCountry "HUN"]

1. c4 e6 2. e4 d5 3. cxd5 exd5 4. exd5 Qxd5 5. Nc3 Qd8 6. Bc4 Nf6 7. Nf3 Bd6 8.
O-O O-O 9. d4 Bg4 10. Nb5 Nc6 11. h3 Bh5 12. Be2 a6 13. Nc3 h6 14. Be3 Re8 15.
Kh1 Rb8 16. Rg1 Bg6 17. g4 Ne4 18. g5 hxg5 19. Nxg5 Nxg5 20. Bxg5 Be7 21. Be3
Bf6 22. Bc4 Kf8 23. Rxg6 fxg6 24. Qg4 Na5 25. Bd3 Qc8 26. Qf3 g5 27. Bxg5 Qe6
28. Ne4 Ke7 29. d5 Qb6 30. d6+ cxd6 31. Nxf6 gxf6 32. Qxf6+ Kd7 33. Bf5+ Kc6
34. Rc1+ Kd5 35. Qf7+ Kd4 36. Rd1+ Kc5 37. Qd5+ 1-0

[Event "NB1 Charousek csoport"]
[Site "Balatonfured"]
[Date "2024.11.17"]
[Round "2.12"]
[White "Kun, Balint"]
[Black "Beznicza, Laszlo Bodo"]
[Result "1/2-1/2"]
[WhiteElo "1977"]
[BlackElo "1720"]
[PlyCount "92"]
[EventDate "2024.11.03"]
[EventType "team-tourn"]
[EventRounds "11"]
[EventCountry "HUN"]
[Source "chess.hu"]
[SourceDate "2024.11.17"]
[WhiteTeam "Balatonfuredi SC"]
[BlackTeam "Tuxera ANSK II."]
[WhiteTeamCountry "HUN"]
[BlackTeamCountry "HUN"]

1. e4 c5 2. Nf3 d6 3. d4 cxd4 4. Nxd4 g6 5. Nc3 Bg7 6. Be3 Nf6 7. f3 Bd7 8. Qd2
Nc6 9. O-O-O Rc8 10. Kb1 Ne5 11. g4 Nc4 12. Bxc4 Rxc4 13. h4 h5 14. g5 Nh7 15.
Rhf1 a6 16. Qd3 b5 17. Rd2 Nf8 18. f4 Bh3 19. Re1 Nd7 20. Nde2 Bg4 21. Bd4 O-O
22. Bxg7 Kxg7 23. Nd4 Kg8 24. Nd5 Rc8 25. Nb3 Nb6 26. Ne3 Bd7 27. f5 Nc4 28.
Rf2 Ne5 29. Qd1 Bc6 30. Nd5 Bxd5 31. Qxd5 Qb6 32. Rff1 Qc6 33. Qxc6 Rxc6 34.
Nd4 Rc4 35. Rd1 Ng4 36. fxg6 fxg6 37. Rxf8+ Kxf8 38. b3 Rc3 39. Rd3 Rc8 40.
Rf3+ Kg8 41. Kc1 Ne5 42. Rf1 Nd3+ 43. Kd2 Nb4 44. a3 Nc6 45. Nxc6 Rxc6 46. Kd3
a5 1/2-1/2

[Event "NB1 Charousek csoport"]
[Site "Esztergom"]
[Date "2024.11.17"]
[Round "2.1"]
[White "Torma, Robert"]
[Black "Szabo, Marton Mihaly"]
[Result "1/2-1/2"]
[WhiteElo "2419"]
[BlackElo "2284"]
[PlyCount "48"]
[EventDate "2024.11.03"]
[EventType "team-tourn"]
[EventRounds "11"]
[EventCountry "HUN"]
[Source "chess.hu"]
[SourceDate "2024.11.17"]
[WhiteTeam "Biatorbagy II"]
[BlackTeam "Esztergomi SC"]
[WhiteTeamCountry "HUN"]
[BlackTeamCountry "HUN"]

1. d4 Nf6 2. c4 e6 3. Nf3 b6 4. Bf4 Bb7 5. e3 Bb4+ 6. Nfd2 O-O 7. a3 Be7 8. Nc3
d6 9. Be2 Nbd7 10. Bf3 Qc8 11. O-O Re8 12. Bg3 Bf8 13. b4 e5 14. d5 c6 15. Rc1
c5 16. b5 a6 17. a4 Qd8 18. Bh4 Be7 19. bxa6 Bxa6 20. Qb3 Qc7 21. Bxf6 Nxf6 22.
Rb1 Reb8 23. g3 Bc8 24. Qc2 Bd7 1/2-1/2

[Event "NB1 Charousek csoport"]
[Site "Esztergom"]
[Date "2024.11.17"]
[Round "2.2"]
[White "Turzo, Attila"]
[Black "Fodor, Istvan"]
[Result "1/2-1/2"]
[WhiteElo "2267"]
[BlackElo "2321"]
[PlyCount "205"]
[EventDate "2024.11.03"]
[EventType "team-tourn"]
[EventRounds "11"]
[EventCountry "HUN"]
[Source "chess.hu"]
[SourceDate "2024.11.17"]
[WhiteTeam "Esztergomi SC"]
[BlackTeam "Biatorbagy II"]
[WhiteTeamCountry "HUN"]
[BlackTeamCountry "HUN"]

1. d4 Nf6 2. c4 e6 3. Nf3 d5 4. Nc3 Bb4 5. cxd5 exd5 6. Qa4+ Nc6 7. Bg5 h6 8.
Bxf6 Qxf6 9. e3 O-O 10. Be2 Be6 11. O-O a6 12. Rac1 Bd6 13. Qd1 Ne7 14. Na4
Rad8 15. Nc5 Bc8 16. Qb3 Bxc5 17. Rxc5 c6 18. Rcc1 Nf5 19. Ne5 Rfe8 20. Rfe1
Qg5 21. Bf1 Nd6 22. g3 Qf6 23. Bg2 Bf5 24. Qd1 Qe7 25. b3 Be4 26. f3 Bf5 27.
Qd2 Qc7 28. Nd3 Bxd3 29. Qxd3 Qb6 30. Kh1 Re7 31. Re2 Qb4 32. Kg1 a5 33. Qc3
Nb5 34. Qd3 Rde8 35. Bf1 a4 36. Kf2 axb3 37. Qxb3 Qa5 38. a4 Nd6 39. Rc5 Qa7
40. Qb4 Re6 41. Rc3 Ra8 42. Ra2 Qa5 43. Qxa5 Rxa5 44. Rc5 Ra7 45. Bd3 Kf8 46.
Rc1 Ra5 47. Rc5 Ra7 48. Ke2 Ke7 49. a5 Ne8 50. Rb2 Kd8 51. e4 dxe4 52. fxe4 Rd6
53. Ke3 Nc7 54. e5 Rd5 55. a6 Nxa6 56. Rxd5+ cxd5 57. Bxa6 bxa6 58. Rb6 a5 59.
Rd6+ Ke7 60. Rxd5 a4 61. Rb5 a3 62. Rb1 a2 63. Ra1 h5 64. Ke4 Ra5 65. Kf5 g6+
66. Ke4 Ke6 67. d5+ Rxd5 68. Rxa2 Rxe5+ 69. Kf3 Kf5 70. h4 Rb5 71. Ra3 f6 72.
Rc3 Ra5 73. Rb3 g5 74. hxg5 Kxg5 75. Rc3 Ra4 76. Rc5+ f5 77. Rc8 h4 78. gxh4+
Rxh4 79. Rg8+ Kf6 80. Rf8+ Ke6 81. Re8+ Kf7 82. Ra8 Rb4 83. Ra6 Re4 84. Rb6 Re6
85. Rxe6 Kxe6 86. Kf4 Kf6 87. Kf3 Ke5 88. Ke3 f4+ 89. Kf3 Kf5 90. Kf2 Kg4 91.
Kg2 f3+ 92. Kf2 Kf4 93. Kf1 Kf5 94. Kf2 Ke4 95. Kf1 Kf4 96. Kf2 Kg4 97. Kf1 Kg3
98. Kg1 Kh3 99. Kf2 Kg4 100. Kf1 Kg3 101. Kg1 f2+ 102. Kf1 Kf4 103. Kxf2
1/2-1/2

[Event "NB1 Charousek csoport"]
[Site "Esztergom"]
[Date "2024.11.17"]
[Round "2.3"]
[White "Fogarasi, Tibor"]
[Black "Ress, Tamas"]
[Result "1-0"]
[WhiteElo "2298"]
[BlackElo "2230"]
[PlyCount "57"]
[EventDate "2024.11.03"]
[EventType "team-tourn"]
[EventRounds "11"]
[EventCountry "HUN"]
[Source "chess.hu"]
[SourceDate "2024.11.17"]
[WhiteTeam "Biatorbagy II"]
[BlackTeam "Esztergomi SC"]
[WhiteTeamCountry "HUN"]
[BlackTeamCountry "HUN"]

1. e4 d5 2. exd5 Qxd5 3. Nc3 Qd8 4. d4 Nf6 5. Nf3 Bg4 6. Be2 e6 7. h3 Bxf3 8.
Bxf3 c6 9. O-O Be7 10. Ne2 Nbd7 11. Bf4 O-O 12. c4 Qb6 13. Qc2 Rfe8 14. Rad1 a5
15. Nc3 Rac8 16. Rfe1 Bb4 17. Re3 Qa6 18. b3 b5 19. Ne4 bxc4 20. bxc4 c5 21.
dxc5 Bxc5 22. Nxc5 Rxc5 23. Rc3 Rec8 24. Be2 R5c6 25. c5 Qa7 26. Bb5 Nd5 27.
Bxc6 Rxc6 28. Rc4 Rxc5 29. Rxc5 1-0

[Event "NB1 Charousek csoport"]
[Site "Esztergom"]
[Date "2024.11.17"]
[Round "2.4"]
[White "Gyenes, Mate"]
[Black "Szeberenyi, Adam"]
[Result "1/2-1/2"]
[WhiteElo "2213"]
[BlackElo "2259"]
[PlyCount "45"]
[EventDate "2024.11.03"]
[EventType "team-tourn"]
[EventRounds "11"]
[EventCountry "HUN"]
[Source "chess.hu"]
[SourceDate "2024.11.17"]
[WhiteTeam "Esztergomi SC"]
[BlackTeam "Biatorbagy II"]
[WhiteTeamCountry "HUN"]
[BlackTeamCountry "HUN"]

1. e4 c5 2. Be2 Nc6 3. d3 d5 4. exd5 Qxd5 5. Bf3 Qd7 6. Ne2 Nf6 7. Nbc3 Ne5 8.
Ng3 Nxf3+ 9. Qxf3 e6 10. O-O Be7 11. Be3 O-O 12. Rad1 Nd5 13. Nxd5 Qxd5 14.
Qxd5 exd5 15. Rfe1 Bd6 16. Ne2 Be6 17. Nf4 Rfe8 18. Nxe6 Rxe6 19. c4 dxc4 20.
dxc4 Rae8 21. Rd5 b6 22. g3 Be5 23. Rb1 1/2-1/2

[Event "NB1 Charousek csoport"]
[Site "Esztergom"]
[Date "2024.11.17"]
[Round "2.5"]
[White "Szikszai, Bertalan"]
[Black "Horvath, Mario"]
[Result "1-0"]
[WhiteElo "2283"]
[BlackElo "2174"]
[PlyCount "91"]
[EventDate "2024.11.03"]
[EventType "team-tourn"]
[EventRounds "11"]
[EventCountry "HUN"]
[Source "chess.hu"]
[SourceDate "2024.11.17"]
[WhiteTeam "Biatorbagy II"]
[BlackTeam "Esztergomi SC"]
[WhiteTeamCountry "HUN"]
[BlackTeamCountry "HUN"]

1. e4 c5 2. Nf3 d6 3. d4 cxd4 4. Nxd4 Nf6 5. Nc3 g6 6. Be3 Bg7 7. f3 Nc6 8. Qd2
O-O 9. O-O-O Nxd4 10. Bxd4 Be6 11. h4 Qa5 12. a3 Rfc8 13. h5 Bc4 14. hxg6 hxg6
15. Rh3 b5 16. Kb1 b4 17. Bxc4 e5 18. Nd5 Rxc4 19. axb4 Qb5 20. Bc3 Nxd5 21.
Qxd5 Qxd5 22. Rxd5 Bf8 23. Rh1 f5 24. Re1 Kf7 25. Bd2 Rac8 26. c3 Ke6 27. Ra5
R8c7 28. b3 R4c6 29. b5 Rb6 30. c4 Rh7 31. Be3 Rbb7 32. Kc2 Bh6 33. Bg1 Bg5 34.
Rea1 Rh1 35. Bxa7 Rh2 36. Rg1 Rxa7 37. Rxa7 Be3 38. Raa1 fxe4 39. fxe4 Kf6 40.
Rgf1+ Kg5 41. Kd3 Bc5 42. b4 Bd4 43. Ra2 Kg4 44. Rf6 g5 45. Rxd6 Kg3 46. b6 1-0

[Event "NB1 Charousek csoport"]
[Site "Esztergom"]
[Date "2024.11.17"]
[Round "2.6"]
[White "Szucs, Vladimir"]
[Black "Szakmary, Domonkos"]
[Result "0-1"]
[WhiteElo "2129"]
[BlackElo "2174"]
[PlyCount "102"]
[EventDate "2024.11.03"]
[EventType "team-tourn"]
[EventRounds "11"]
[EventCountry "HUN"]
[Source "chess.hu"]
[SourceDate "2024.11.17"]
[WhiteTeam "Esztergomi SC"]
[BlackTeam "Biatorbagy II"]
[WhiteTeamCountry "HUN"]
[BlackTeamCountry "HUN"]

1. d4 Nf6 2. Nf3 d5 3. e3 c6 4. b3 Bf5 5. Bd3 Ne4 6. O-O e6 7. Bb2 Bd6 8. c4 h5
9. Nc3 Nd7 10. Bxe4 dxe4 11. Nd2 Nf6 12. f4 exf3 13. Qxf3 Ng4 14. g3 h4 15. e4
hxg3 16. exf5 Qh4 17. h3 Qxh3 18. Qg2 Qxg2+ 19. Kxg2 Rh2+ 20. Kf3 Rxd2 21. Kxg4
exf5+ 22. Rxf5 Rxb2 23. Ne4 Bc7 24. Nxg3 Rg2 25. Re1+ Kf8 26. Rf3 Re8 27. Rd1
Rxg3+ 28. Rxg3 Bxg3 29. Kxg3 Re2 30. d5 cxd5 31. Rxd5 Ke7 32. Rb5 b6 33. a4 Re6
34. a5 g6 35. b4 f5 36. c5 bxc5 37. Rxc5 a6 38. b5 axb5 39. Rxb5 Re4 40. a6 Ra4
41. Rb6 Kf7 42. Rb7+ Kf6 43. a7 Ra3+ 44. Kf2 Kg5 45. Rg7 f4 46. Kg2 Kf5 47. Rb7
g5 48. Kf2 Ra2+ 49. Kf1 Kg4 50. Ke1 f3 51. Rf7 Kg3 0-1

[Event "NB1 Charousek csoport"]
[Site "Esztergom"]
[Date "2024.11.17"]
[Round "2.7"]
[White "Felmery, Mate"]
[Black "Dolnik, Attila"]
[Result "0-1"]
[WhiteElo "2217"]
[BlackElo "2081"]
[PlyCount "92"]
[EventDate "2024.11.03"]
[EventType "team-tourn"]
[EventRounds "11"]
[EventCountry "HUN"]
[Source "chess.hu"]
[SourceDate "2024.11.17"]
[WhiteTeam "Biatorbagy II"]
[BlackTeam "Esztergomi SC"]
[WhiteTeamCountry "HUN"]
[BlackTeamCountry "HUN"]

1. e4 d5 2. exd5 Qxd5 3. Nc3 Qa5 4. d4 Nf6 5. Nf3 Bg4 6. h3 Bh5 7. g4 Bg6 8.
Ne5 Nbd7 9. Nc4 Qa6 10. Bf4 Qe6+ 11. Ne3 Qb6 12. Be2 c6 13. O-O e6 14. a4 a5
15. Nc4 Qd8 16. Nd6+ Bxd6 17. Bxd6 Nb6 18. Bc5 h5 19. g5 Nfd7 20. Qc1 Nxc5 21.
dxc5 Nd7 22. Qf4 Nxc5 23. Qe5 Qe7 24. h4 f6 25. Qe3 fxg5 26. hxg5 O-O-O 27. f4
Rd7 28. Bc4 Bxc2 29. Rfe1 Bf5 30. Rac1 Rhd8 31. Bf1 Nd3 32. Nb5 Nxe1 33. Qa7
Nf3+ 34. Kf2 Rd2+ 35. Kxf3 Bg4+ 36. Kg3 Kd7 37. Qxb7+ Ke8 38. Qxc6+ Kf8 39. Qe4
Bf5 40. Qe5 R2d5 41. Qe2 Rd3+ 42. Kh4 Qb4 43. Qf2 Rd2 44. Qe3 Qxb2 45. Rc5 Qb1
46. Qa3 Qe1+ 0-1

[Event "NB1 Charousek csoport"]
[Site "Esztergom"]
[Date "2024.11.17"]
[Round "2.8"]
[White "Dolnik-Domany, Zsofia"]
[Black "Nagy, Aron"]
[Result "0-1"]
[WhiteElo "2164"]
[BlackElo "2055"]
[PlyCount "143"]
[EventDate "2024.11.03"]
[EventType "team-tourn"]
[EventRounds "11"]
[EventCountry "HUN"]
[Source "chess.hu"]
[SourceDate "2024.11.17"]
[WhiteTeam "Esztergomi SC"]
[BlackTeam "Biatorbagy II"]
[WhiteTeamCountry "HUN"]
[BlackTeamCountry "HUN"]

1. e4 c5 2. Nf3 e6 3. d4 cxd4 4. Nxd4 Nf6 5. Nc3 d6 6. Be3 a6 7. f3 b5 8. Qd2
Nbd7 9. g4 b4 10. Nce2 h6 11. O-O-O Qc7 12. Kb1 d5 13. exd5 Nxd5 14. Nf4 Nxe3
15. Qxe3 Qe5 16. Qd2 g5 17. Nfxe6 fxe6 18. Re1 Qd5 19. Rxe6+ Kf7 20. Bd3 Nc5
21. Bg6+ Kg8 22. Re2 Bb7 23. Qe3 Rd8 24. Nb3 Nxb3 25. axb3 Bc5 26. Qc1 Qxf3 27.
Rhe1 Kg7 28. Bf5 Rhf8 29. Re6 Rf6 30. Rf1 Bf2 31. Re7+ Rf7 32. Re6 Rfd7 33. Bd3
Rd6 34. Re2 Rxd3 35. cxd3 Qxd3+ 36. Qc2 Bc5 37. Qxd3 Rxd3 38. Kc2 Rd7 39. Re6
Re7 40. Rff6 Rxe6 41. Rxe6 Bf8 42. h3 Kf7 43. Re2 Bg7 44. Kd3 Bd5 45. Kc2 Bf6
46. Re3 Bg2 47. Kc1 Bd4 48. Rd3 Be5 49. Rd7+ Ke6 50. Rh7 Bf6 51. Rxh6 Kf7 52.
Rh7+ Kg6 53. Ra7 Bxh3 54. Rxa6 Bxg4 55. Rb6 Bf3 56. Rxb4 g4 57. Kd2 Bg5+ 58.
Ke1 Be3 59. Rb8 Kf7 60. Rb5 Ke6 61. Rb8 Kf5 62. Rf8+ Ke4 63. Re8+ Kf4 64. Rf8+
Kg3 65. Kf1 Bg2+ 66. Ke2 Bd4 67. b4 Kh2 68. Kd3 Bxb2 69. Kc4 g3 70. b5 Bh3 71.
Kd5 Bg4 72. Ke4 0-1

[Event "NB1 Charousek csoport"]
[Site "Esztergom"]
[Date "2024.11.17"]
[Round "2.9"]
[White "Makay, Mark Janos"]
[Black "Petervari, Szabolcs"]
[Result "1-0"]
[WhiteElo "2051"]
[BlackElo "2075"]
[PlyCount "107"]
[EventDate "2024.11.03"]
[EventType "team-tourn"]
[EventRounds "11"]
[EventCountry "HUN"]
[Source "chess.hu"]
[SourceDate "2024.11.17"]
[WhiteTeam "Biatorbagy II"]
[BlackTeam "Esztergomi SC"]
[WhiteTeamCountry "HUN"]
[BlackTeamCountry "HUN"]

1. e4 d5 2. exd5 Nf6 3. d4 Bg4 4. Be2 Bxe2 5. Nxe2 Qxd5 6. O-O Nc6 7. c3 O-O-O
8. Qa4 e6 9. b4 Nd7 10. Qb3 Nb6 11. Nd2 Bd6 12. Nf3 h6 13. Qxd5 exd5 14. Bf4
Rhe8 15. Bxd6 Rxe2 16. Bg3 Na4 17. Rfc1 Rde8 18. Bf4 g5 19. Be3 f5 20. g3 f4
21. gxf4 gxf4 22. Bd2 Nb2 23. Re1 Nd3 24. Rxe2 Rxe2 25. Be1 a5 26. a3 a4 27.
Kf1 Rc2 28. Bd2 Na7 29. Ke2 Nb2 30. Ne1 Rxd2+ 31. Kxd2 Nb5 32. Nc2 Nc4+ 33. Kd3
Nb2+ 34. Ke2 Nxc3+ 35. Kf3 Ne4 36. Kxf4 Nxf2 37. Kf5 Nc4 38. Kg6 Kd7 39. h4 Ng4
40. Rg1 Nge3 41. Nxe3 Nxe3 42. Kxh6 Nf5+ 43. Kg5 Nxd4 44. Rf1 Ne6+ 45. Kf6 b6
46. h5 c5 47. h6 Nf8 48. Ke5 Ng6+ 49. Kxd5 cxb4 50. axb4 Ne7+ 51. Kc4 Kc6 52.
h7 b5+ 53. Kd3 Ng6 54. Rf6+ 1-0